[Event "Dombai"]
[Site "Dombai"]
[Date "2014.01.11"]
[Round "6"]
[White "Bazarov, Yunus"]
[Black "Bagrationi, Alexander"]
[Result "0-1"]
[WhiteElo "2201"]
[BlackElo "2485"]
[PlyCount "52"]
[EventDate "2014.01.09"]
[EventType "tourn"]
[EventRounds "9"]
[EventCountry "RUS"]
[EventCategory "7"]
[SourceTitle "CBM 158 Extra"]
[Source "ChessBase"]
[SourceDate "2014.02.28"]
[SourceVersion "1"]
[SourceVersionDate "2014.02.28"]
[SourceQuality "1"]

1. e4 c6 2. c4 d5 3. exd5 cxd5 4. d4 Nf6 5. Nf3 Nc6 6. Nc3 Bg4 7. cxd5 Nxd5 8. Qb3 Bxf3 9. gxf3 Nb6 10. Be3 e6 11. 0-0-0 Be7 12. f4 0-0 13. f5 exf5 14. d5 Ne5 15. Qc2 g6 16. Rg1 Rc8 17. Qxf5 Nec4 18. Bd4 Qd6 19. Kb1 Rfd8 20. Bh3 Qb4 21. Ne2 Nxb2 22. Ka1 Nxd1 23. Qe5 f6 24. Qe6+ Kf8 25. Rxd1 Rc2 26. Bxf6 Rxe2 0-1

[Event "Dombai"]
[Site "Dombai"]
[Date "2014.01.11"]
[Round "5"]
[White "Pilavov, Georgy"]
[Black "Bazarov, Yunus"]
[Result "1-0"]
[WhiteElo "2609"]
[BlackElo "2201"]
[PlyCount "35"]
[EventDate "2014.01.09"]
[EventType "tourn"]
[EventRounds "9"]
[EventCountry "RUS"]
[EventCategory "7"]
[SourceTitle "CBM 158 Extra"]
[Source "ChessBase"]
[SourceDate "2014.02.28"]
[SourceVersion "1"]
[SourceVersionDate "2014.02.28"]
[SourceQuality "1"]

1. e4 c6 2. Nc3 d5 3. Qf3 d4 4. Bc4 Nf6 5. e5 dxc3 6. exf6 cxd2+ 7. Bxd2 exf6 8. 0-0-0 Nd7 9. Bf4 Qa5 10. Qe2+ Be7 11. Bd6 Qd8 12. Nh3 Kf8 13. Rhe1 Bxd6 14. Rxd6 g6 15. Nf4 Kg7 16. Bxf7 Qa5 17. Qe7 Kh6 18. Re3 1-0

[Event "Dombai"]
[Site "Dombai"]
[Date "2014.01.10"]
[Round "3"]
[White "Akbaev, Kazbek"]
[Black "Bazarov, Yunus"]
[Result "1-0"]
[WhiteElo "2475"]
[BlackElo "2201"]
[PlyCount "73"]
[EventDate "2014.01.09"]
[EventType "tourn"]
[EventRounds "9"]
[EventCountry "RUS"]
[EventCategory "7"]
[SourceTitle "CBM 158 Extra"]
[Source "ChessBase"]
[SourceDate "2014.02.28"]
[SourceVersion "1"]
[SourceVersionDate "2014.02.28"]
[SourceQuality "1"]

1. e4 e5 2. Nf3 Nf6 3. Nxe5 Nxe4 4. Qe2 Qe7 5. Qxe4 d6 6. d4 dxe5 7. dxe5 Nc6 8. Nc3 Qxe5 9. Qxe5+ Nxe5 10. Bf4 Bd6 11. Bg3 Bd7 12. Ne4 f6 13. Nxd6+ cxd6 14. 0-0-0 Ke7 15. f4 Ng4 16. Bc4 Rae8 17. Rhe1+ Kd8 18. Rxe8+ Rxe8 19. Rxd6 Ne3 20. Bb5 Re7 21. Rd2 a6 22. Bd3 h6 23. Bf2 Ng4 24. Bb6+ Kc8 25. h3 Ne3 26. Bc5 Re6 27. g4 Nd5 28. f5 Re1+ 29. Rd1 Rxd1+ 30. Kxd1 Nf4 31. Bf1 h5 32. Bd6 Nd5 33. Kd2 hxg4 34. hxg4 g6 35. fxg6 Bxg4 36. g7 Be6 37. Bh3 1-0

[Event "Dombai"]
[Site "Dombai"]
[Date "2014.01.09"]
[Round "2"]
[White "Bazarov, Yunus"]
[Black "Shershakov, Dmitry"]
[Result "0-1"]
[WhiteElo "2201"]
[BlackElo "2226"]
[PlyCount "70"]
[EventDate "2014.01.09"]
[EventType "tourn"]
[EventRounds "9"]
[EventCountry "RUS"]
[EventCategory "7"]
[SourceTitle "CBM 158 Extra"]
[Source "ChessBase"]
[SourceDate "2014.02.28"]
[SourceVersion "1"]
[SourceVersionDate "2014.02.28"]
[SourceQuality "1"]

1. e4 e6 2. d4 d5 3. Nc3 Nf6 4. Bg5 Be7 5. e5 Nfd7 6. h4 c5 7. Bxe7 Kxe7 8. Nf3 cxd4 9. Qxd4 Nc6 10. Qf4 Qc7 11. 0-0-0 Ndxe5 12. Qg3 Kf8 13. Nb5 Qb8 14. Nxe5 Qxe5 15. Qxe5 Nxe5 16. c4 Ng4 17. Rd2 Bd7 18. cxd5 exd5 19. Rxd5 Be6 20. Rd2 Rc8+ 21. Kd1 Bxa2 22. Rh3 a6 23. Ra3 Be6 24. Nd4 Bd5 25. Nf5 Be6 26. Nd4 Bd7 27. f3 Nf6 28. Ke1 g6 29. Kf2 Kg7 30. g4 Rhe8 31. Rad3 Re7 32. Rd1 Nd5 33. Ne2 Nb6 34. Nd4 Nc4 35. Rb3 Ba4 0-1